| 000 | 00896nam a22002537a 4500 | ||
|---|---|---|---|
| 005 | 20170810160953.0 | ||
| 010 | _aBAC-EN21 ENG-111988 | ||
| 020 |
_a9789350297810 _c599.00 |
||
| 035 | _aEN-95520 | ||
| 035 | _aB-581993-005 | ||
| 035 | _aB-666158 | ||
| 037 |
_bPragati/ven _adpl |
||
| 037 | _bDABD/PUB | ||
| 082 | _aN | ||
| 100 | _aNair, Anita | ||
| 245 |
_aIdris : _bkeeper of the light / _cby Anita Nair |
||
| 260 |
_aNoida _bFourth Estate (an imprint of Harper Collins Publishers) _c2014 |
||
| 270 |
_aA-53, Sector 57 _bNoida _e201301 |
||
| 300 |
_a379p. _c22cm(Hb) |
||
| 500 | _aIncludes bibliographical references | ||
| 942 |
_2ddc _cEN _mNAI _hN |
||
| 999 |
_c89663 _d89663 |
||